000
00277cam a22001097a 4500
008
180718b1968 xxu||||| |||| 00| 0 eng d
082
_a
P un3re
245
_a
Reading in the economics of education
_c
by UNESCO
260
_a
Paris
_b
UNESCO
_c
1968
300
_a
945
700
_a
UNESCO
999
_c
494299
_d
494299